Successful college writing: skills, strategies, learning styles (Record no. 4843)

000 -LEADER
fixed length control field 00620 a2200193 4500
020 ## - INTERNATIONAL STANDARD BOOK NUMBER
International Standard Book Number 0312398123
020 ## - INTERNATIONAL STANDARD BOOK NUMBER
International Standard Book Number 031239859X
040 ## - CATALOGING SOURCE
Original cataloging agency DLC
Language of cataloging DLC
082 00 - DEWEY DECIMAL CLASSIFICATION NUMBER
Classification number 808/.042
100 1# - MAIN ENTRY--PERSONAL NAME
Personal name McWhorter, Kathleen T.
245 10 - TITLE STATEMENT
Title Successful college writing: skills, strategies, learning styles
Remainder of title skills, strategies, learning styles
Statement of responsibility, etc. Kathleen T. McWhorter.
250 ## - EDITION STATEMENT
Edition statement 2nd ed.
260 ## - PUBLICATION, DISTRIBUTION, ETC.
Place of publication, distribution, etc. Boston :
Name of publisher, distributor, etc. Bedford/St. Martin's,
Date of publication, distribution, etc. c2003.
300 ## - PHYSICAL DESCRIPTION
Extent lix, 992 p. :
Other physical details ill. (some col.) ;
Dimensions 24 cm.
500 ## - GENERAL NOTE
General note Includes index.
650 #0 - SUBJECT ADDED ENTRY--TOPICAL TERM
Topical term or geographic name entry element English language
General subdivision Rhetoric
650 #0 - SUBJECT ADDED ENTRY--TOPICAL TERM
Topical term or geographic name entry element Report writing
942 ## - ADDED ENTRY ELEMENTS (KOHA)
Koha item type Book
Call number prefix 808.042 MCW
Source of classification or shelving scheme
Holdings
Withdrawn status Lost status Damaged status Not for loan Collection code Permanent Location Current Location Shelving location Date acquired Source of acquisition Cost, normal purchase price Total Checkouts Total Renewals Full call number Barcode Date last seen Date last checked out Price effective from Koha item type
          Central Library (CL) Central Library (CL) General Stacks 08/22/2005 Progressive International Agencies 3791.94 1 3 808.042 MCW SEECS006357 06/28/2021 06/04/2016 01/05/2017 Book
© 2023 Central Library, National University of Sciences and Technology. All Rights Reserved.